00834nam a2200217Ia 4500008004100000020001500041040001800056041000800074100003900082245013300121260008700254300001800341490005400359504003800413650001200451650001600463650001300479651003400492651004400526700004600570130821s1996 ck gr spa  a958900444X aCo-BoUCMbspa00aspa aRamirez de Jara, María Clemencia00aFrontera fluida entre Andes, piedemonte y selva El caso Valle de Sibundoy, siglos XVI-XVIIcMaría Clemencia Ramírez de Jara aBogotá (Cundinamarca, Colombia)bInstituto Colombiano de Cultura Hispanicac1996 a221 páginas aColección cuadernos de historia colonial ; no.4 aIncluye bibliografía e índice04aCultura04aEtnología04aHistoria aSibundoy (Putumayo, Colombia) aSibundoy (Putumayo, Colombia)xHistoria aInstituto Colombiano de Cultura Hispanica